Posthumanism: Politics of Subjectivity (Record no. 13260)

MARC details
000 -LEADER
fixed length control field 00504nam a22001937a 4500
003 - CONTROL NUMBER IDENTIFIER
control field OSt
008 - FIXED-LENGTH DATA ELEMENTS--GENERAL INFORMATION
fixed length control field 250409b |||||||| |||| 00| 0 eng d
020 ## - INTERNATIONAL STANDARD BOOK NUMBER
International Standard Book Number 9789354427824
082 ## - DEWEY DECIMAL CLASSIFICATION NUMBER
Classification number 128 CHP
100 ## - MAIN ENTRY--PERSONAL NAME
Personal name CHATTOPADHYAY, Arka
245 ## - TITLE STATEMENT
Title Posthumanism: Politics of Subjectivity
250 ## - EDITION STATEMENT
Edition statement Ist. ed.,
260 ## - PUBLICATION, DISTRIBUTION, ETC. (IMPRINT)
Place of publication, distribution, etc Telangan, India,
Name of publisher, distributor, etc Orient BlackSwan,
Date of publication, distribution, etc 2025
300 ## - PHYSICAL DESCRIPTION
Extent 190 p.
440 ## - SERIES STATEMENT/ADDED ENTRY--TITLE
Series Title Literary/Cultural Theory
650 ## - SUBJECT ADDED ENTRY--TOPICAL TERM
Topical term or geographic name as entry element English
700 ## - ADDED ENTRY--PERSONAL NAME
Personal name CHAKRABARTI, Sumit Ed.
942 ## - ADDED ENTRY ELEMENTS (KOHA)
Source of classification or shelving scheme Dewey Decimal Classification
Koha item type Text Books
Holdings
Withdrawn status Lost status Source of classification or shelving scheme Damaged status Not for loan Collection code Home library Current library Date acquired Source of acquisition Currency Cost, normal purchase price Bill Number Total Checkouts Full call number Acc. no. / Barcode Date last seen Actual Cost, discounted price Bill Date Koha item type
    Dewey Decimal Classification     B.A Hons. English PIET NCR College Library PIET NCR College Library 04/04/2025 Zafaa Books & Distributers In Rupees 475.00 ZBD0005   128 CHP N3890 09/04/2025 332.50 04/04/2025 Reference Books
    Dewey Decimal Classification     B.A Hons. English PIET NCR College Library PIET NCR College Library 04/04/2025 Zafaa Books & Distributers In Rupees 475.00 ZBD0005   128 CHP N3891 09/04/2025 332.50 04/04/2025 Text Books

Design & Developed by: PIET Central Library
R70 Miles Stone Pattikalyana Samalkha Panipat 132102
mail ID :- [email protected], Phone No:- 0180-2569700 Ex.216